Back from the brink (Record no. 83373)
[ view plain ]
| 000 -LEADER | |
|---|---|
| fixed length control field | 01147cad a22002055a 4500 |
| 001 - CONTROL NUMBER | |
| control field | L153781 |
| 008 - FIXED-LENGTH DATA ELEMENTS--GENERAL INFORMATION | |
| fixed length control field | 110830e20110830xxk 000 0 eng d |
| 035 ## - SYSTEM CONTROL NUMBER | |
| System control number | (Sirsi) u153781 |
| 041 0# - LANGUAGE CODE | |
| Language code of text/sound track or separate title | eng |
| 110 2# - MAIN ENTRY--CORPORATE NAME | |
| Corporate name or jurisdiction name as entry element | England and Wales |
| Subordinate unit | Environment Agency |
| 9 (RLIN) | 2469 |
| 245 00 - TITLE STATEMENT | |
| Title | Back from the brink |
| Remainder of title | Environment Agency reveals the most improved rivers |
| Medium | [electronic resource] |
| 260 ## - PUBLICATION, DISTRIBUTION, ETC. | |
| Date of publication, distribution, etc. | 2011 |
| 490 ## - SERIES STATEMENT | |
| Series statement | Environment Agency Press Release |
| Volume/sequential designation | 30 August 2011 |
| 520 ## - SUMMARY, ETC. | |
| Summary, etc. | A list of the ten most improved rivers in England and Wales is released by the Environment Agency. The list includes the River Wandle in London, the River Thames and the River Wear in County Durham. The trasnformation of these rivers has been achieved thanks to habitat improvement projects, tighter regulations of polluting industries and work with farmers, businesses and water companies to reduce pollution |
| 590 ## - LOCAL NOTE (RLIN) | |
| Local note | KA |
| 651 #4 - SUBJECT ADDED ENTRY--GEOGRAPHIC NAME | |
| Geographic name | England and Wales |
| Chronological subdivision | 1543- |
| 690 ## - LOCAL SUBJECT ADDED ENTRY--TOPICAL TERM (OCLC, RLIN) | |
| Topical term or geographic name as entry element | ENVIRONMENTAL AND LAND CONSULTANCY-WATER RESOURCE MANAGEMENT |
| 856 40 - ELECTRONIC LOCATION AND ACCESS | |
| Uniform Resource Identifier | <a href="https://www.environment-agency.gov.uk/news/132754.aspx">https://www.environment-agency.gov.uk/news/132754.aspx</a> |
| Public note | View the Press Release at www.environment-agency.gov.uk |
| 942 ## - ADDED ENTRY ELEMENTS (KOHA) | |
| Suppress in OPAC | 0 |
| Withdrawn status | Lost status | Source of classification or shelving scheme | Damaged status | Not for loan | Home library | Current library | Shelving location | Date acquired | Total Checkouts | Full call number | Barcode | Date last seen | Copy number | Price effective from | Koha item type |
|---|---|---|---|---|---|---|---|---|---|---|---|---|---|---|---|
| Dewey Decimal Classification | Virtual | Virtual | Online | 30/08/2011 | ONLINE PUBLICATION | 153781-2001 | 06/08/2019 | 1 | 06/08/2019 | Journal article |